000 00712nam a22001697a 4500
005 20250218104032.0
008 250218b |||||||| |||| 00| 0 eng d
082 _22023
_aUT
100 _aLubalan, Ericka S.
_965464
245 _aProfitability and liberalizing rice imports:
_bA qualitative study on the effect of rice tariffication law among farmers /
_cEricka S. Lubalan, Vivien Joy S. Narca, and Alvince Timothy D. Niñal
260 _aDigos City :
_bUMDC,
_c©November 2023.
300 _aviii, 119 pages :
_billustration (some colors) ;
_c30 cm.
500 _aIncludes references and appendices.
700 _a Narca, Vivien Joy S.
_965465
700 _a Niñal, Alvince Timothy D.
_965466
942 _2ddc
_cUT
999 _c23492
_d23492